[Event "Huddersfield 4NCL Open"]
[Site "Huddersfield"]
[Date "2025.01.19"]
[Round "4.1"]
[White "Gormally, Daniel W"]
[Black "Sowray, Peter J"]
[Result "1-0"]
[WhiteElo "2468"]
[BlackElo "2281"]
[PlyCount "49"]
[EventDate "2025.01.17"]
[EventType "swiss"]
[EventRounds "5"]
[EventCountry "ENG"]
[SourceTitle "BritBase"]
[Source "John Saunders"]
[SourceDate "2025.09.16"]
[SourceVersion "1"]
[SourceVersionDate "2025.09.16"]
[SourceQuality "1"]

1. d4 Nf6 2. Nf3 g6 3. Bg5 Bg7 4. Nbd2 c5 5. e3 cxd4 6. exd4 h6 7. Bh4 O-O 8. c3 d6 9. Bc4 Nc6 10. O-O e5 11. dxe5 dxe5 12. Re1 Qc7 13. Bb5 Re8 14. Nc4 Nh5 15. Qd6 Qxd6 16. Nxd6 Re6 17. Rad1 g5 18. Bg3 Nxg3 19. hxg3 Re7 20. Bxc6 bxc6 21. Nd4 Rc7 22. N4f5 Be6 23. Nxg7 Kxg7 24. Rxe5 Bxa2 25. Re8 1-0

[Event "Huddersfield 4NCL Open"]
[Site "Huddersfield"]
[Date "2025.01.19"]
[Round "4.2"]
[White "Southcott-Moyers, Indy"]
[Black "Kanyamarala, Tarun"]
[Result "1-0"]
[WhiteElo "2280"]
[BlackElo "2451"]
[PlyCount "145"]
[EventDate "2025.01.17"]
[EventType "swiss"]
[EventRounds "5"]
[EventCountry "ENG"]
[SourceTitle "BritBase"]
[Source "John Saunders"]
[SourceDate "2025.09.16"]
[SourceVersion "1"]
[SourceVersionDate "2025.09.16"]
[SourceQuality "1"]

1. d4 Nf6 2. c4 e6 3. Nf3 Bb4+ 4. Nbd2 d5 5. Qa4+ Nc6 6. e3 a5 7. a3 Be7 8. Qc2 a4 9. Bd3 Bd7 10. O-O Na5 11. Ne5 O-O 12. c5 Be8 13. Rb1 g6 14. Qd1 b6 15. cxb6 cxb6 16. Qe2 Nd7 17. Nxd7 Bxd7 18. b4 axb3 19. Nxb3 Nb7 20. Ra1 Ba4 21. Nd2 Nd6 22. Bb2 Qd7 23. Bc3 Nb5 24. Bb2 Rfc8 25. Rfb1 Ra5 26. Nf3 Rc7 27. Ne5 Qe8 28. h3 Ra8 29. Rc1 Rac8 30. Rxc7 Rxc7 31. Bxb5 Bxb5 32. Qd2 Qc8 33. Rc1 f6 34. Nd3 Bc4 35. Ne1 Bd6 36. Nf3 Qa8 37. Rc3 b5 38. Qc1 Ra7 39. Nd2 Qf8 40. e4 Ra8 41. Rf3 Qe7 42. exd5 Bxd5 43. Rc3 Qb7 44. Nf3 Kg7 45. Ne1 Ra4 46. Rc2 Be4 47. Rc8 Ra6 48. Rc3 Rb6 49. f3 Bd5 50. Nd3 Bc4 51. Nc5 Qd5 52. Rc2 Bb8 53. Ne4 Rc6 54. Qe3 Ba7 55. Kh1 Bb8 56. Kg1 Rc8 57. Rc1 Rd8 58. Rd1 Bc7 59. Rd2 Ba5 60. Bc3 Bb6 61. Qf4 Qf5 62. Qe3 Bc7 63. d5 e5 64. Qa7 Rd7 65. Qc5 Rf7 66. Kh1 Qd7 67. d6 Bd8 68. a4 Kg8 69. a5 Qa7 70. Qc8 Rf8 71. d7 b4 72. Bxb4 Ba6 73. Bxf8 1-0

[Event "Huddersfield 4NCL Open"]
[Site "Huddersfield"]
[Date "2025.01.19"]
[Round "4.3"]
[White "Okhai, Shabir"]
[Black "Wells, Peter K"]
[Result "0-1"]
[WhiteElo "2265"]
[BlackElo "2443"]
[PlyCount "126"]
[EventDate "2025.01.17"]
[EventType "swiss"]
[EventRounds "5"]
[EventCountry "ENG"]
[SourceTitle "BritBase"]
[Source "John Saunders"]
[SourceDate "2025.09.16"]
[SourceVersion "1"]
[SourceVersionDate "2025.09.16"]
[SourceQuality "1"]

1. e4 c5 2. Nf3 d6 3. Bb5+ Nd7 4. c3 Ngf6 5. Qe2 a6 6. Ba4 b5 7. Bc2 Bb7 8. d4 e6 9. O-O Be7 10. a4 O-O 11. Na3 cxd4 12. Nxd4 bxa4 13. Rd1 Qc7 14. Bf4 Rfe8 15. Bg3 g6 16. Nf3 e5 17. Bh4 Nc5 18. Bxf6 Bxf6 19. Nc4 Red8 20. Ne3 Rab8 21. Nd2 Bg7 22. h4 h5 23. Bxa4 Nxe4 24. Nxe4 Bxe4 25. Nd5 Bxd5 26. Rxd5 Qb7 27. Rad1 Qxb2 28. Qxb2 Rxb2 29. Rxd6 Rxd6 30. Rxd6 e4 31. Rd8+ Kh7 32. Be8 f5 33. g3 Bxc3 34. Rd7+ Kh6 35. Rd6 Be1 36. Bxg6 Bxf2+ 37. Kf1 Bxg3 38. Rxa6 Kg7 39. Bxh5 Bxh4 40. Rg6+ Kh7 41. Re6 Rf2+ 42. Kg1 Rf4 43. Bg6+ Kg7 44. Bxf5 Bf2+ 45. Kg2 Rxf5 46. Rxe4 Kg6 47. Rb4 Kg5 48. Rb3 Be1 49. Rf3 Re5 50. Rf7 Kg4 51. Rg7+ Kf4 52. Rf7+ Ke3 53. Rg7 Bh4 54. Kh3 Bf6 55. Rg6 Rf5 56. Kg2 Be5 57. Rg4 Rf2+ 58. Kg1 Kf3 59. Ra4 Bh2+ 60. Kh1 Bf4 61. Ra3+ Be3 62. Ra1 Kg3 63. Rg1+ Kh3 0-1

[Event "Huddersfield 4NCL Open"]
[Site "Huddersfield"]
[Date "2025.01.19"]
[Round "4.4"]
[White "Nakara, Husain"]
[Black "Raju, Sooraj Menothuparam"]
[Result "0-1"]
[WhiteElo "2283"]
[BlackElo "2270"]
[PlyCount "118"]
[EventDate "2025.01.17"]
[EventType "swiss"]
[EventRounds "5"]
[EventCountry "ENG"]
[SourceTitle "BritBase"]
[Source "John Saunders"]
[SourceDate "2025.09.16"]
[SourceVersion "1"]
[SourceVersionDate "2025.09.16"]
[SourceQuality "1"]

1. e4 Nf6 2. e5 Nd5 3. c4 Nb6 4. d4 d6 5. f4 dxe5 6. fxe5 Bf5 7. Nf3 e6 8. Nc3 Bb4 9. Bd3 c5 10. Bg5 Qd7 11. Bxf5 exf5 12. Qd3 cxd4 13. Nxd4 Nc6 14. O-O-O Nxd4 15. Qxd4 Qxd4 16. Rxd4 Bxc3 17. bxc3 h6 18. Bh4 g5 19. Rhd1 Na4 20. Be1 Rc8 21. Rd6 Nc5 22. R1d5 Ne6 23. Rd7 Rc7 24. Rxc7 Nxc7 25. Rd2 Ne6 26. Bf2 Ke7 27. Bxa7 Rc8 28. Rb2 Rc7 29. Bb8 Rxc4 30. Bd6+ Ke8 31. Rxb7 Rxc3+ 32. Kd2 Rc4 33. Re7+ Kd8 34. Rxf7 Rf4 35. Rf6 Kd7 36. Ke1 h5 37. g3 Re4+ 38. Kf2 Nd4 39. Bc5 Ne6 40. Rf7+ Kc6 41. Bd6 Nd4 42. Be7 Re2+ 43. Kf1 g4 44. Bg5 Rxa2 45. Be3 Nf3 46. e6 Nxh2+ 47. Ke1 Nf3+ 48. Kf1 h4 49. gxh4 g3 50. Rg7 f4 51. e7 Kd7 52. Bc5 Nxh4 53. Rg4 g2+ 54. Ke1 f3 55. Rd4+ Kc7 56. Re4 f2+ 57. Bxf2 Nf3+ 58. Kd1 Rxf2 59. Re1 Rf1 0-1

[Event "Huddersfield 4NCL Open"]
[Site "Huddersfield"]
[Date "2025.01.19"]
[Round "4.6"]
[White "Davies, Nigel R"]
[Black "Ganti, Shriaansh"]
[Result "1-0"]
[WhiteElo "2376"]
[BlackElo "2036"]
[PlyCount "65"]
[EventDate "2025.01.17"]
[EventType "swiss"]
[EventRounds "5"]
[EventCountry "ENG"]
[SourceTitle "BritBase"]
[Source "John Saunders"]
[SourceDate "2025.09.16"]
[SourceVersion "1"]
[SourceVersionDate "2025.09.16"]
[SourceQuality "1"]

1. Nf3 d5 2. g3 Nf6 3. Bg2 e6 4. O-O Be7 5. d3 c6 6. Nbd2 b6 7. e4 Bb7 8. Re1 O-O 9. e5 Nfd7 10. Nf1 c5 11. h4 Re8 12. N1h2 f6 13. exf6 Bxf6 14. Ng4 Na6 15. c3 b5 16. Bg5 h6 17. Bxf6 Nxf6 18. Nfe5 Nxg4 19. Qxg4 Nc7 20. d4 c4 21. Bf3 Bc8 22. Bd1 Qf6 23. Re3 Qf5 24. Qe2 Rf8 25. Bc2 Qf6 26. Re1 Qd8 27. Qh5 Qe8 28. Bg6 Qe7 29. g4 Rf6 30. g5 Rf4 31. gxh6 gxh6 32. Rg3 Qxh4 33. Bh7+ 1-0

[Event "Huddersfield 4NCL Open"]
[Site "Huddersfield"]
[Date "2025.01.19"]
[Round "4.7"]
[White "McLean, Robert"]
[Black "Boswell, Jacob Connor"]
[Result "1/2-1/2"]
[WhiteElo "2156"]
[BlackElo "2335"]
[PlyCount "57"]
[EventDate "2025.01.17"]
[EventType "swiss"]
[EventRounds "5"]
[EventCountry "ENG"]
[SourceTitle "BritBase"]
[Source "John Saunders"]
[SourceDate "2025.09.16"]
[SourceVersion "1"]
[SourceVersionDate "2025.09.16"]
[SourceQuality "1"]

1. e4 c5 2. f4 Nc6 3. Nf3 g6 4. Bb5 Bg7 5. Bxc6 bxc6 6. O-O Ba6 7. Re1 Qb8 8. d3 Bxb2 9. Bxb2 Qxb2 10. Nbd2 Nf6 11. Qb1 Qxb1 12. Raxb1 O-O 13. c4 Rfd8 14. e5 Nh5 15. g3 Kf8 16. Rb3 Ng7 17. Ne4 Ne6 18. Neg5 Nxg5 19. Nxg5 h6 20. Ne4 d6 21. Reb1 Ke8 22. Kf2 Kd7 23. exd6 exd6 24. Re1 Kc7 25. Nf6 d5 26. Ra3 Bc8 27. Ne8+ Kd7 28. Nf6+ Kc7 29. Ne8+ 1/2-1/2

[Event "Huddersfield 4NCL Open"]
[Site "Huddersfield"]
[Date "2025.01.19"]
[Round "4.8"]
[White "Badacsonyi, Frankie"]
[Black "Larchikov, Maksym"]
[Result "1/2-1/2"]
[WhiteElo "2308"]
[BlackElo "2187"]
[PlyCount "65"]
[EventDate "2025.01.17"]
[EventType "swiss"]
[EventRounds "5"]
[EventCountry "ENG"]
[SourceTitle "BritBase"]
[Source "John Saunders"]
[SourceDate "2025.09.16"]
[SourceVersion "1"]
[SourceVersionDate "2025.09.16"]
[SourceQuality "1"]

1. d4 d5 2. c4 e6 3. Nf3 Nf6 4. Nc3 Be7 5. Bf4 O-O 6. e3 b6 7. Bd3 dxc4 8. Bxc4 c5 9. d5 exd5 10. Nxd5 Nc6 11. Nc7 Qxd1+ 12. Rxd1 Rb8 13. Nd5 Rb7 14. Bb5 Nxd5 15. Bxc6 Nxf4 16. Bxb7 Nxg2+ 17. Kf1 Nxe3+ 18. fxe3 Bxb7 19. Kf2 Bc6 20. Rhg1 Re8 21. b3 Kf8 22. Rg4 h5 23. Rgg1 Rd8 24. Rxd8+ Bxd8 25. Ne5 Be8 26. Nd3 Bc6 27. Rc1 g6 28. Nf4 Bb7 29. Rd1 Ke7 30. Nd5+ Bxd5 31. Rxd5 Bc7 32. h3 Ke6 33. Rd1 1/2-1/2

[Event "Huddersfield 4NCL Open"]
[Site "Huddersfield"]
[Date "2025.01.19"]
[Round "4.9"]
[White "Kanyamarala, Trisha"]
[Black "Pilley, Jack"]
[Result "1-0"]
[WhiteElo "2279"]
[BlackElo "2115"]
[PlyCount "65"]
[EventDate "2025.01.17"]
[EventType "swiss"]
[EventRounds "5"]
[EventCountry "ENG"]
[SourceTitle "BritBase"]
[Source "John Saunders"]
[SourceDate "2025.09.16"]
[SourceVersion "1"]
[SourceVersionDate "2025.09.16"]
[SourceQuality "1"]

1. d4 Nf6 2. c4 e6 3. Nf3 d5 4. Nc3 Be7 5. Bg5 h6 6. Bh4 O-O 7. e3 b6 8. Qb3 Bb7 9. Bxf6 Bxf6 10. cxd5 exd5 11. Rd1 c6 12. Bd3 Nd7 13. O-O Re8 14. Rfe1 Nf8 15. e4 dxe4 16. Nxe4 Bc8 17. Nxf6+ gxf6 18. Be4 Be6 19. Qd3 Qd6 20. Nh4 Bd7 21. Qf3 Re7 22. Bf5 Rae8 23. Rxe7 Qxe7 24. h3 Qe2 25. Qg3+ Kh8 26. Rd3 Qh5 27. Rf3 Qg5 28. Qd6 Bxf5 29. Nxf5 Ng6 30. Kh2 Re6 31. Qc7 Kg8 32. h4 Qh5 33. g4 1-0

[Event "Huddersfield 4NCL Open"]
[Site "Huddersfield"]
[Date "2025.01.19"]
[Round "4.10"]
[White "Townsend, M Paul"]
[Black "Cast, Julian"]
[Result "1-0"]
[WhiteElo "2257"]
[BlackElo "2005"]
[PlyCount "53"]
[EventDate "2025.01.17"]
[EventType "swiss"]
[EventRounds "5"]
[EventCountry "ENG"]
[SourceTitle "BritBase"]
[Source "John Saunders"]
[SourceDate "2025.09.16"]
[SourceVersion "1"]
[SourceVersionDate "2025.09.16"]
[SourceQuality "1"]

1. d4 e6 2. c4 Nf6 3. g3 Bb4+ 4. Bd2 Qe7 5. Nf3 Nc6 6. Nc3 O-O 7. Bg2 Bxc3 8. Bxc3 d5 9. O-O Rd8 10. Rc1 Bd7 11. cxd5 exd5 12. Qc2 Ne4 13. Qb3 Bc8 14. e3 Nxc3 15. Rxc3 Nb8 16. Qc2 c6 17. Re1 Be6 18. e4 dxe4 19. Rxe4 Na6 20. Bh3 Nc7 21. Rce3 Qf6 22. Bxe6 Nxe6 23. Qb3 Rab8 24. Rxe6 fxe6 25. Rxe6 Kf8 26. Rxf6+ gxf6 27. Qe3 1-0

[Event "Huddersfield 4NCL Open"]
[Site "Huddersfield"]
[Date "2025.01.19"]
[Round "4.11"]
[White "Sanada, Tetsuaki"]
[Black "Astrom, Lars"]
[Result "0-1"]
[WhiteElo "2058"]
[BlackElo "2207"]
[PlyCount "118"]
[EventDate "2025.01.17"]
[EventType "swiss"]
[EventRounds "5"]
[EventCountry "ENG"]
[SourceTitle "BritBase"]
[Source "John Saunders"]
[SourceDate "2025.09.16"]
[SourceVersion "1"]
[SourceVersionDate "2025.09.16"]
[SourceQuality "1"]

1. d4 d5 2. Nf3 Nf6 3. g3 Bf5 4. Bg2 e6 5. O-O Be7 6. c4 c6 7. Nc3 h6 8. Nd2 Nbd7 9. e4 dxe4 10. Ndxe4 Nxe4 11. Nxe4 Nf6 12. Nc3 O-O 13. Bf4 Rc8 14. Qb3 Qxd4 15. Qxb7 Bc5 16. Na4 Qxc4 17. Nxc5 Qxc5 18. Be3 Qa5 19. b4 Rc7 20. bxa5 Rxb7 21. Bxc6 Rc7 22. Bg2 Be4 23. Rfc1 Rfc8 24. a6 Bxg2 25. Kxg2 Nd5 26. Bd2 Rc6 27. Rab1 g5 28. h4 gxh4 29. Bxh6 hxg3 30. Kxg3 R8c7 31. Rb8+ Kh7 32. Rh1 Kg6 33. Rg8+ Kf6 34. Bg7+ Ke7 35. Be5 Rd7 36. Rhh8 Nf6 37. Rc8 Rxa6 38. Bc7 Ra3+ 39. Kh4 Rd4+ 40. f4 Rad3 41. Be5 Rd5 42. Rc7+ Rd7 43. Rc3 Rd2 44. Ra8 Rxa2 45. Rg3 a5 46. Bc3 Ne4 47. Re3 Nxc3 48. Rxc3 Kf6 49. Kg4 Rd4 50. Ra7 Rf2 51. Rxa5 Rdxf4+ 52. Kg3 Rf5 53. Ra7 Kg6 54. Ra8 Kg7 55. Re8 Rf6 56. Rd3 R2f5 57. Rd4 Rg6+ 58. Rg4 Rxg4+ 59. Kxg4 Ra5 0-1

[Event "Huddersfield 4NCL Open"]
[Site "Huddersfield"]
[Date "2025.01.19"]
[Round "4.12"]
[White "Mikalajunas, Kajus"]
[Black "Sharma, Devesh"]
[Result "1-0"]
[WhiteElo "2214"]
[BlackElo "1780"]
[PlyCount "63"]
[EventDate "2025.01.17"]
[EventType "swiss"]
[EventRounds "5"]
[EventCountry "ENG"]
[SourceTitle "BritBase"]
[Source "John Saunders"]
[SourceDate "2025.09.16"]
[SourceVersion "1"]
[SourceVersionDate "2025.09.16"]
[SourceQuality "1"]

1. Nf3 d5 2. g3 Nf6 3. Bg2 e6 4. d4 Be7 5. O-O O-O 6. c4 dxc4 7. Qc2 a6 8. a4 Bd7 9. Rd1 Bc6 10. Nc3 a5 11. e4 Na6 12. Ne5 Nb4 13. Qe2 b6 14. Nxc6 Nxc6 15. d5 exd5 16. e5 Nxe5 17. Qxe5 c6 18. Bf4 Ra7 19. Ne2 Bc5 20. Nd4 Qc8 21. Nf5 Bxf2+ 22. Kf1 Qa6 23. Bf3 Re8 24. Qc3 Bc5 25. Re1 Raa8 26. Be5 Bb4 27. Qe3 Rxe5 28. Qxe5 Bxe1 29. Rxe1 Qb7 30. Nxg7 Kxg7 31. Qg5+ Kh8 32. Qxf6+ 1-0

[Event "Huddersfield 4NCL Open"]
[Site "Huddersfield"]
[Date "2025.01.19"]
[Round "4.13"]
[White "Henderson, David"]
[Black "Burnett, Andrew"]
[Result "1-0"]
[WhiteElo "2062"]
[BlackElo "2206"]
[PlyCount "142"]
[EventDate "2025.01.17"]
[EventType "swiss"]
[EventRounds "5"]
[EventCountry "ENG"]
[SourceTitle "BritBase"]
[Source "John Saunders"]
[SourceDate "2025.09.16"]
[SourceVersion "1"]
[SourceVersionDate "2025.09.16"]
[SourceQuality "1"]

1. e4 c5 2. c3 g6 3. d4 cxd4 4. cxd4 d5 5. e5 a6 6. h3 Nc6 7. Nf3 Bg7 8. Nc3 Nh6 9. Be2 O-O 10. O-O f6 11. exf6 exf6 12. Qb3 Be6 13. Qxb7 Na5 14. Qb4 Re8 15. Qa4 Qb6 16. Qd1 Nf5 17. Na4 Qd6 18. Bd2 Nc6 19. Bc3 h5 20. Nc5 Bc8 21. Re1 Ra7 22. Bd3 Rxe1+ 23. Qxe1 Re7 24. Qd2 g5 25. Re1 g4 26. hxg4 hxg4 27. Bxf5 Bxf5 28. Rxe7 Nxe7 29. Nh4 Bc8 30. Nd3 f5 31. g3 Nc6 32. Qe3 Qe6 33. Qxe6+ Bxe6 34. Nf4 Kf7 35. Ne2 Bf8 36. Ng2 Bd6 37. Ngf4 Ke7 38. Kf1 Bf7 39. Ke1 Kd7 40. Nd3 Kc7 41. Kd2 Be7 42. Ke3 Bg5+ 43. Nef4 Be7 44. Ne5 Bg8 45. Nfd3 Bg5+ 46. Ke2 Be6 47. Nxc6 Kxc6 48. Bd2 Bf6 49. Be3 a5 50. Kd2 Bc8 51. Kc3 Ba6 52. Nc5 Bc8 53. Bf4 Be7 54. Be3 Bxc5 55. dxc5 Ba6 56. a3 Be2 57. Kd4 Bf3 58. a4 Bd1 59. Bd2 Bxa4 60. Bxa5 Bc2 61. Bd2 Bb3 62. Be3 Bd1 63. b4 Bf3 64. Ke5 Be4 65. Bd4 Bd3 66. Ke6 Be4 67. b5+ Kxb5 68. Kd6 f4 69. gxf4 Kc4 70. Ke5 Kb5 71. f5 Kc6 1-0

[Event "Huddersfield 4NCL Open"]
[Site "Huddersfield"]
[Date "2025.01.19"]
[Round "4.14"]
[White "Chan, Sheng Liang Bernard"]
[Black "Ter-Gevorkian, Aram"]
[Result "1-0"]
[WhiteElo "2178"]
[BlackElo "2045"]
[PlyCount "69"]
[EventDate "2025.01.17"]
[EventType "swiss"]
[EventRounds "5"]
[EventCountry "ENG"]
[SourceTitle "BritBase"]
[Source "John Saunders"]
[SourceDate "2025.09.16"]
[SourceVersion "1"]
[SourceVersionDate "2025.09.16"]
[SourceQuality "1"]

1. e4 Nf6 2. e5 Nd5 3. c4 Nb6 4. d4 c5 5. d5 e6 6. Nc3 exd5 7. cxd5 c4 8. d6 g6 9. a4 a5 10. Be3 Bg7 11. Nb5 Na6 12. Nc7+ Nxc7 13. Bxb6 Bxe5 14. Bxc7 Qf6 15. Bxc4 O-O 16. Qf3 Qh4 17. Rc1 Bxb2 18. Rc2 b5 19. Ne2 Ra7 20. O-O Bb7 21. Bd5 Be5 22. g3 Bxd5 23. Qxd5 Qxa4 24. Ra2 Qc4 25. Qxc4 bxc4 26. Rc1 Re8 27. Rxc4 Ra6 28. Rxa5 Rxa5 29. Bxa5 Bxd6 30. Nf4 Be5 31. Bc3 d6 32. Kg2 Ra8 33. Nd3 d5 34. Rc5 d4 35. Nxe5 1-0

[Event "Huddersfield 4NCL Open"]
[Site "Huddersfield"]
[Date "2025.01.19"]
[Round "4.15"]
[White "Sasikumar, Srivathsan"]
[Black "Elgar, Tim"]
[Result "0-1"]
[WhiteElo "2047"]
[BlackElo "2139"]
[PlyCount "146"]
[EventDate "2025.01.17"]
[EventType "swiss"]
[EventRounds "5"]
[EventCountry "ENG"]
[SourceTitle "BritBase"]
[Source "John Saunders"]
[SourceDate "2025.09.16"]
[SourceVersion "1"]
[SourceVersionDate "2025.09.16"]
[SourceQuality "1"]

1. e4 c5 2. Nf3 Nc6 3. d4 cxd4 4. Nxd4 g6 5. c4 Bg7 6. Be3 Qb6 7. Nb3 Qd8 8. Qd2 Nf6 9. Nc3 Ng4 10. Bf4 d6 11. h3 Nf6 12. Be2 a5 13. Bh6 Bxh6 14. Qxh6 a4 15. Nd2 Qa5 16. a3 Nd4 17. Bd3 Be6 18. O-O g5 19. f4 Qb6 20. Kh2 Qxb2 21. Ndb1 gxf4 22. Ra2 Qb3 23. Rff2 Qb6 24. Qxf4 Ra5 25. Nd5 Bxd5 26. exd5 Rf8 27. Nc3 Nd7 28. Rab2 Nb3 29. Bc2 Qc7 30. Bxh7 Ne5 31. Rbc2 Nc5 32. Nb5 Qb6 33. Rfe2 Kd8 34. Qh6 Ncd7 35. Bf5 Re8 36. Bxd7 Nxd7 37. h4 Nf6 38. Qg7 Nxd5 39. Rcd2 Nc7 40. Nxc7 Qxc7 41. Qxf7 Rc5 42. Re6 Qd7 43. Re4 Rf5 44. Qg6 Rf6 45. Qg7 Qf5 46. Red4 Rg6 47. g4 Qe6 48. Qh7 Rxg4 49. Qh5 Reg8 50. Rxg4 Qxg4 51. Qxg4 Rxg4 52. Kh3 Rxc4 53. h5 Ke8 54. Rb2 Kf7 55. Rxb7 Re4 56. Kg3 Kf6 57. h6 Kg6 58. Kf3 d5 59. Rd7 e6 60. h7 Rh4 61. Ra7 Rxh7 62. Rxa4 Kf5 63. Ra8 Rh3+ 64. Kg2 Rb3 65. a4 Ke4 66. a5 e5 67. a6 Rb2+ 68. Kf1 Ra2 69. a7 d4 70. Ke1 Ke3 71. Kf1 e4 72. Kg1 d3 73. Kf1 d2 0-1

[Event "Huddersfield 4NCL Open"]
[Site "Huddersfield"]
[Date "2025.01.19"]
[Round "4.16"]
[White "Peart, Alan"]
[Black "Collinson, Mark I"]
[Result "1-0"]
[WhiteElo "2125"]
[BlackElo "1989"]
[PlyCount "68"]
[EventDate "2025.01.17"]
[EventType "swiss"]
[EventRounds "5"]
[EventCountry "ENG"]
[SourceTitle "BritBase"]
[Source "John Saunders"]
[SourceDate "2025.09.16"]
[SourceVersion "1"]
[SourceVersionDate "2025.09.16"]
[SourceQuality "1"]

1. e4 e5 2. Bc4 Be7 3. Qh5 g6 4. Qxe5 Nf6 5. Nf3 Nc6 6. Qf4 d5 7. exd5 Nxd5 8. Qe4 Nf6 9. Qe2 O-O 10. O-O Bg4 11. c3 Bxf3 12. Qxf3 Ne5 13. Qe2 Bd6 14. f4 Nxc4 15. Qxc4 Ng4 16. h3 Nh6 17. d4 Qh4 18. Bd2 Rae8 19. Na3 Nf5 20. Rae1 Ng3 21. Nb5 Nxf1 22. Rxf1 Re4 23. Nxd6 cxd6 24. f5 Qe7 25. Qd5 gxf5 26. Rxf5 Qe6 27. Bh6 Re1+ 28. Kf2 Qxh6 29. Kxe1 Qc1+ 30. Kf2 Qxb2+ 31. Kg1 Qxc3 32. Qxd6 Qc1+ 33. Kh2 Rc8 34. Rf3 f5 1-0

[Event "Huddersfield 4NCL Open"]
[Site "Huddersfield"]
[Date "2025.01.19"]
[Round "4.17"]
[White "Quaite, Toby"]
[Black "Keely, Leo A"]
[Result "1-0"]
[WhiteElo "2094"]
[BlackElo "1959"]
[PlyCount "67"]
[EventDate "2025.01.17"]
[EventType "swiss"]
[EventRounds "5"]
[EventCountry "ENG"]
[SourceTitle "BritBase"]
[Source "John Saunders"]
[SourceDate "2025.09.16"]
[SourceVersion "1"]
[SourceVersionDate "2025.09.16"]
[SourceQuality "1"]

1. e4 d6 2. d4 Nf6 3. Nc3 g6 4. Bc4 Bg7 5. h4 h5 6. Nh3 c6 7. Ng5 d5 8. Bb3 O-O 9. f3 dxe4 10. fxe4 Bg4 11. Qd3 e6 12. Be3 Na6 13. Ne2 Nc7 14. Nf4 a5 15. c3 a4 16. Bc2 a3 17. b4 Qd7 18. Qd2 Rad8 19. Nd3 Qc8 20. Ne5 Nxe4 21. Nxe4 Bxe5 22. Bg5 f6 23. Bh6 Rf7 24. Qf2 f5 25. Ng5 Bf6 26. Nxf7 Kxf7 27. Bd2 e5 28. dxe5 Bxe5 29. O-O Kg7 30. Rae1 Qe6 31. Bf4 Bxf4 32. Rxe6 Nxe6 33. Qe1 Re8 34. Rxf4 1-0

[Event "Huddersfield 4NCL Open"]
[Site "Huddersfield"]
[Date "2025.01.19"]
[Round "4.18"]
[White "Hariharan, Shambavi"]
[Black "Ackley, Peter"]
[Result "1/2-1/2"]
[WhiteElo "2036"]
[BlackElo "2093"]
[PlyCount "56"]
[EventDate "2025.01.17"]
[EventType "swiss"]
[EventRounds "5"]
[EventCountry "ENG"]
[SourceTitle "BritBase"]
[Source "John Saunders"]
[SourceDate "2025.09.16"]
[SourceVersion "1"]
[SourceVersionDate "2025.09.16"]
[SourceQuality "1"]

1. d4 d6 2. Nf3 g6 3. g3 Bg7 4. Bg2 f5 5. O-O Nf6 6. b3 O-O 7. Bb2 e6 8. c4 Qe7 9. Nbd2 Ne4 10. Qc2 Nxd2 11. Qxd2 Nc6 12. d5 Nd8 13. Bxg7 Kxg7 14. dxe6 Nxe6 15. Nd4 Nxd4 16. Qxd4+ Qe5 17. Rad1 Qxd4 18. Rxd4 Re8 19. e3 Kf6 20. Rfd1 a5 21. a4 Rb8 22. Bf3 b6 23. Kg2 Bb7 24. Bxb7 Rxb7 25. Kf3 Rbb8 26. Rh4 Re7 27. Rhd4 Rbe8 28. h4 h5 1/2-1/2

[Event "Huddersfield 4NCL Open"]
[Site "Huddersfield"]
[Date "2025.01.19"]
[Round "4.19"]
[White "Zhu, Yaoyao"]
[Black "Waterfield, Mark B"]
[Result "1/2-1/2"]
[WhiteElo "2091"]
[BlackElo "1917"]
[PlyCount "81"]
[EventDate "2025.01.17"]
[EventType "swiss"]
[EventRounds "5"]
[EventCountry "ENG"]
[SourceTitle "BritBase"]
[Source "John Saunders"]
[SourceDate "2025.09.16"]
[SourceVersion "1"]
[SourceVersionDate "2025.09.16"]
[SourceQuality "1"]

1. e4 e6 2. d4 d5 3. e5 c5 4. c3 Nc6 5. Nf3 Nge7 6. Na3 cxd4 7. cxd4 Nf5 8. Nc2 Bd7 9. Bd3 Be7 10. O-O O-O 11. Re1 Rc8 12. Rb1 a5 13. b3 g6 14. a3 Qb6 15. Bd2 Na7 16. a4 Nc6 17. Bxf5 exf5 18. h4 f4 19. Bxf4 Bf5 20. Ne3 Bxb1 21. Nxd5 Qd8 22. Nxe7+ Nxe7 23. Qxb1 Nd5 24. Bg5 Qd7 25. Qe4 Rc6 26. Nd2 Rc3 27. Rb1 Rc6 28. Re1 Kg7 29. Nc4 h6 30. Bd2 b6 31. Ne3 Rd8 32. Nc4 Re8 33. Qf3 Rf8 34. Ne3 Rd8 35. Nc4 Rf8 36. Ne3 Rd8 37. Nxd5 Qxd5 38. Re4 Rh8 39. Qe3 Qe6 40. Rf4 Qd5 41. Re4 1/2-1/2

[Event "Huddersfield 4NCL Open"]
[Site "Huddersfield"]
[Date "2025.01.19"]
[Round "4.20"]
[White "Booth, Steven B"]
[Black "Varley, Joe"]
[Result "0-1"]
[WhiteElo "1999"]
[BlackElo "2127"]
[PlyCount "83"]
[EventDate "2025.01.17"]
[EventType "swiss"]
[EventRounds "5"]
[EventCountry "ENG"]
[SourceTitle "BritBase"]
[Source "John Saunders"]
[SourceDate "2025.09.16"]
[SourceVersion "1"]
[SourceVersionDate "2025.09.16"]
[SourceQuality "1"]

1. d4 Nf6 2. c4 g6 3. Nc3 d5 4. Nf3 Bg7 5. Qb3 dxc4 6. Qxc4 O-O 7. e4 Nc6 8. Be2 e5 9. d5 Nd4 10. Nxd4 exd4 11. Qxd4 c6 12. Qc4 b5 13. Qxc6 Bd7 14. Qd6 Re8 15. f3 Bf8 16. Qa6 Rb8 17. Be3 Bg7 18. O-O b4 19. Nd1 Nxd5 20. exd5 Rxe3 21. Nxe3 Bd4 22. Qd3 Qb6 23. Rfd1 Bxe3+ 24. Kh1 Qc5 25. Qc4 Qd6 26. Qb3 Re8 27. Bc4 Bf2 28. Rd2 Bb6 29. Qd1 Re5 30. f4 Re4 31. b3 Rxf4 32. Qe1 Qf6 33. g3 Rf3 34. Rad1 Re3 35. Qf1 Bf5 36. d6 Be4+ 37. Rg2 Rf3 38. Qe2 Re3 39. Qf1 Rf3 40. Qe2 Bc6 41. h3 Rf2 42. Bd5 0-1

[Event "Huddersfield 4NCL Open"]
[Site "Huddersfield"]
[Date "2025.01.19"]
[Round "4.21"]
[White "Burke, Mitchell R"]
[Black "Bryant, Harry"]
[Result "0-1"]
[WhiteElo "2076"]
[BlackElo "2022"]
[PlyCount "72"]
[EventDate "2025.01.17"]
[EventType "swiss"]
[EventRounds "5"]
[EventCountry "ENG"]
[SourceTitle "BritBase"]
[Source "John Saunders"]
[SourceDate "2025.09.16"]
[SourceVersion "1"]
[SourceVersionDate "2025.09.16"]
[SourceQuality "1"]

1. e4 c5 2. Nc3 Nc6 3. f4 g6 4. Nf3 Bg7 5. Bb5 Nd4 6. O-O a6 7. Bd3 b5 8. Nxd4 cxd4 9. Ne2 Bb7 10. b3 Qb6 11. Kh1 h5 12. Bb2 h4 13. h3 d6 14. f5 g5 15. Qe1 d5 16. exd5 Bxd5 17. Qf2 g4 18. Nf4 Bb7 19. Rae1 O-O-O 20. Be4 gxh3 21. Nxh3 Nf6 22. Bxb7+ Qxb7 23. Qf3 Rd7 24. Qxb7+ Kxb7 25. Nf4 Nh5 26. Nxh5 Rxh5 27. Re4 Bf6 28. Rff4 Rc7 29. Bxd4 Bxd4 30. Rxd4 Rxc2 31. Rxh4 Rxf5 32. Rd7+ Rc7 33. Rxc7+ Kxc7 34. Kg1 f6 35. g4 Rf4 36. Kg2 Rd4 0-1